Những vấn đề pháp lí qua Đại hội lần thứ IV của Đảng

Guardat en:
Dades bibliogràfiques
Autor principal: Viện Luật học Việt Nam
Format: Llibre
Idioma:Undetermined
Publicat: Hà Nội KHXH 1978
Matèries:
Etiquetes: Afegir etiqueta
Sense etiquetes, Sigues el primer a etiquetar aquest registre!
Thư viện lưu trữ: Trung tâm Học liệu Trường Đại học Cần Thơ
LEADER 00588nam a2200169Ia 4500
001 CTU_4913
008 210402s9999 xx 000 0 und d
082 |a 324.2597075 
082 |b V305L 
100 |a Viện Luật học Việt Nam 
245 0 |a Những vấn đề pháp lí qua Đại hội lần thứ IV của Đảng 
245 0 |c Viện Luật học Việt Nam 
260 |a Hà Nội 
260 |b KHXH 
260 |c 1978 
650 |a communist parties - vietnam,political parties - vietnam 
980 |a Trung tâm Học liệu Trường Đại học Cần Thơ